[Event "GER North-chT U16"]
[Site "Magdeburg"]
[Date "2006.08.27"]
[Round "4.2"]
[White "Lengler, Tim"]
[Black "Heimann, Philipp"]
[Result "1-0"]
[WhiteElo "973"]
[BlackElo "979"]
[PlyCount "107"]
[EventDate "2006.08.26"]
[EventType "team"]
[EventRounds "7"]
[EventCountry "GER"]
[SourceTitle "EXT 2007"]
[Source "ChessBase"]
[SourceDate "2006.11.23"]
[SourceVersion "1"]
[SourceVersionDate "2006.11.23"]
[SourceQuality "1"]

1. e4 c5 2. Nf3 d6 3. Bc4 e6 4. c3 Nf6 5. Qe2 a6 6. a4 Nbd7 7. d4 cxd4 8. cxd4 Be7 9. 0-0 Qc7 10. Nc3 0-0 11. Bg5 Re8 12. Rad1 e5 13. Rfe1 Nb6 14. Bb3 Bg4 15. h3 Bh5 16. Rc1 exd4 17. Nd5 Qd8 18. Nc7 Rc8 19. Nxe8 Rxc1 20. Nxf6+ Bxf6 21. Bxf6 Rxe1+ 22. Qxe1 Qxf6 23. e5 dxe5 24. Nxe5 Qe7 25. Qa5 Nd7 26. Nxd7 Qxd7 27. Qxh5 d3 28. Qd5 Qxd5 29. Bxd5 d2 30. Bb3 Kf8 31. Kf1 Ke7 32. Ke2 f5 33. Kxd2 Kf6 34. Bc2 g5 35. Ke3 Ke5 36. g4 f4+ 37. Kf3 h6 38. Be4 b6 39. b4 a5 40. bxa5 bxa5 41. Bc6 Kd6 42. Be8 Ke7 43. Bh5 Kf6 44. Ke4 Ke6 45. Be8 Ke7 46. Bb5 Ke6 47. f3 Kf6 48. Kd5 Kg6 49. Ke6 h5 50. Bc6 Kh6 51. Kf6 hxg4 52. hxg4 Kh7 53. Kxg5 Kg7 54. Kxf4 1-0